<?xml version="1.0" encoding="UTF-8"?>
<record
    xmlns:xsi="http://www.w3.org/2001/XMLSchema-instance"
    xsi:schemaLocation="http://www.loc.gov/MARC21/slim http://www.loc.gov/standards/marcxml/schema/MARC21slim.xsd"
    xmlns="http://www.loc.gov/MARC21/slim">

  <leader>02971nam a2200229Ia 4500</leader>
  <controlfield tag="003">OSt</controlfield>
  <controlfield tag="005">20250610154102.0</controlfield>
  <controlfield tag="008">210210b1987   xxu||||| |||| 00| 0 eng d</controlfield>
  <datafield tag="040" ind1=" " ind2=" ">
    <subfield code="c">AL</subfield>
  </datafield>
  <datafield tag="041" ind1=" " ind2=" ">
    <subfield code="a">Kannada</subfield>
  </datafield>
  <datafield tag="082" ind1=" " ind2=" ">
    <subfield code="a">K894.2 BRES</subfield>
  </datafield>
  <datafield tag="100" ind1=" " ind2=" ">
    <subfield code="a">BRECHT (Bertolt)</subfield>
    <subfield code="d">&#xCAC;&#xCB0;&#xCCD;&#xC9F;&#xCCB;&#xCB2;&#xCCD;&#xC9F;&#xCCD; &#xCAC;&#xCCD;&#xCB0;&#xCC6;&#xC95;&#xCCD;&#xC9F;&#xCCD;</subfield>
    <subfield code="9">214088</subfield>
  </datafield>
  <datafield tag="245" ind1=" " ind2=" ">
    <subfield code="a">Sejuvan nagarada sadhvi</subfield>
    <subfield code="b">&#xCB8;&#xCC6;&#xC9C;&#xCC1;&#xCB5;&#xCBE;&#xCA8;&#xCCD; &#xCA8;&#xC97;&#xCB0;&#xCA6; &#xCB8;&#xCBE;&#xCA7;&#xCCD;&#xCB5;&#xCBF;</subfield>
  </datafield>
  <datafield tag="260" ind1=" " ind2=" ">
    <subfield code="a">Sagara</subfield>
    <subfield code="b">Akshara Prakashana</subfield>
    <subfield code="c">1987</subfield>
  </datafield>
  <datafield tag="300" ind1=" " ind2=" ">
    <subfield code="a">136,vi</subfield>
  </datafield>
  <datafield tag="520" ind1=" " ind2=" ">
    <subfield code="a">&#xCAC;&#xCCD;&#xCB0;&#xCC6;&#xC96;&#xCCD;&#xC9F;&#xCCD; &#xCE7;&#xCEF;&#xCE9;&#xCEE;-&#xCEA;&#xCE6;&#xCB0; &#xC85;&#xCB5;&#xCA7;&#xCBF;&#xCAF;&#xCB2;&#xCCD;&#xCB2;&#xCBF; &#xCAC;&#xCB0;&#xCC6;&#xCA6; &#x2018;&#xCB8;&#xCC6;&#xC9C;&#xCC1;&#xCB5;&#xCBE;&#xCA8;&#xCCD; &#xCA8;&#xC97;&#xCB0;&#xCA6; &#xCB8;&#xCBE;&#xCA7;&#xCCD;&#xCB5;&#xCBF;&#x2019; &#xCE7;&#xCEF;&#xCEA;&#xCE9;&#xCB0;&#xCB2;&#xCCD;&#xCB2;&#xCBF; &#xCAE;&#xCCA;&#xCA6;&#xCB2;&#xCC1; &#xCAA;&#xCCD;&#xCB0;&#xCA6;&#xCB0;&#xCCD;&#xCB6;&#xCA8;&#xC97;&#xCCA;&#xC82;&#xCA1;&#xCBF;&#xCA4;&#xCC1;. &#xC8E;&#xCAA;&#xCBF;&#xC95;&#xCCD; &#xCB6;&#xCC8;&#xCB2;&#xCBF;&#xCAF;&#xCA8;&#xCCD;&#xCA8;&#xCC1; &#xCB5;&#xCBF;&#xCB6;&#xCA6;&#xC97;&#xCCA;&#xCB3;&#xCBF;&#xCB8;&#xCC1;&#xCB5; &#xCAE;&#xCC1;&#xC96;&#xCCD;&#xCAF; &#xCA8;&#xCBE;&#xC9F;&#xC95;&#xC97;&#xCB3;&#xCB2;&#xCCD;&#xCB2;&#xCBF; &#xC87;&#xCA6;&#xCCA;&#xC82;&#xCA6;&#xCC1;. &#xC95;&#xCA5;&#xCC6; &#xC9A;&#xCC0;&#xCA8;&#xCBE;&#xCA6;&#xCB2;&#xCCD;&#xCB2;&#xCBF; &#xCA8;&#xCA1;&#xCC6;&#xCA6;&#xC82;&#xCA4;&#xCC6; &#xC9A;&#xCBF;&#xCA4;&#xCCD;&#xCB0;&#xCBF;&#xCA4;&#xCB5;&#xCBE;&#xC97;&#xCBF;&#xCA6;&#xCCD;&#xCA6;&#xCB0;&#xCC2; &#xC88; &#xCA8;&#xCBE;&#xC9F;&#xC95; &#xCAC;&#xCB9;&#xCC1;&#xCAE;&#xC9F;&#xCCD;&#xC9F;&#xCBF;&#xC97;&#xCC6; &#xC95;&#xCBE;&#xCB2;&#xCA6;&#xCC7;&#xCB6;&#xC97;&#xCB3; &#xCAC;&#xCA6;&#xCCD;&#xCA7;&#xCA4;&#xCC6;&#xCAF;&#xCA8;&#xCCD;&#xCA8;&#xCC1; &#xCAE;&#xCC0;&#xCB0;&#xCBF;&#xC95;&#xCCA;&#xC82;&#xCA1;&#xCA6;&#xCCD;&#xCA6;&#xCC1;&#x2026;
&#xCB8;&#xCAE;&#xCBE;&#xC9C;&#xCA6; &#xC95;&#xCC6;&#xCB3;&#xCB8;&#xCCD;&#xCA4;&#xCB0;&#xCA6;&#xCB2;&#xCCD;&#xCB2;&#xCBF;&#xCB0;&#xCC1;&#xCB5; &#xCB5;&#xCCD;&#xCAF;&#xC95;&#xCCD;&#xCA4;&#xCBF;&#xCAF;&#xCCA;&#xCAC;&#xCCD;&#xCAC;&#xCB3;&#xCC1; &#xC92;&#xCB3;&#xCCD;&#xCB3;&#xCC6;&#xCAF;&#xCB5;&#xCB3;&#xCBE;&#xC97;&#xCBF;&#xCA6;&#xCCD;&#xCA6;&#xCC1;&#xC95;&#xCCA;&#xC82;&#xCA1;&#xCC1; &#xC85;&#xC95;&#xCCD;&#xC95;&#xCAA;&#xC95;&#xCCD;&#xC95;&#xCA6;&#xCB5;&#xCB0;&#xCBF;&#xC97;&#xCC6; &#xC92;&#xCB3;&#xCCD;&#xCB3;&#xCC6;&#xCAF;&#xCA6;&#xCC1; &#xCAE;&#xCBE;&#xCA1;&#xCC1;&#xCA4;&#xCCD;&#xCA4;, &#xCAA;&#xCCD;&#xCB0;&#xCC0;&#xCA4;&#xCBF;&#xC97;&#xCBE;&#xC97;&#xCBF; &#xCB9;&#xC82;&#xCAC;&#xCB2;&#xCBF;&#xCB8;&#xCC1;&#xCA4;&#xCCD;&#xCA4;, &#xCA4;&#xCA8;&#xCCD;&#xCA8; &#xC95;&#xCC2;&#xCB8;&#xCBF;&#xCA8; &#xCAC;&#xCA6;&#xCC1;&#xC95;&#xCC1; &#xCA4;&#xCA8;&#xCCD;&#xCA8;&#xCA6;&#xC95;&#xCCD;&#xC95;&#xCBF;&#xC82;&#xCA4; &#xC89;&#xCA4;&#xCCD;&#xCA4;&#xCAE;&#xCB5;&#xCBE;&#xC97;&#xCAC;&#xCC7;&#xC95;&#xCC6;&#xC82;&#xCA6;&#xCC1; &#xCB9;&#xCBE;&#xCB0;&#xCC8;&#xCB8;&#xCC1;&#xCA4;&#xCCD;&#xCA4; &#xCA4;&#xCA8;&#xCCD;&#xCA8; &#xCAA;&#xCB0;&#xCBF;&#xCB8;&#xCB0;&#xCA6; &#xC95;&#xCB9;&#xCBF;&#xC95;&#xCCB;&#xC9F;&#xCB2;&#xCC6; &#xCB9;&#xCBF;&#xC82;&#xCB8;&#xCC6;&#xC97;&#xCB3; &#xCA6;&#xCC6;&#xCB8;&#xCC6;&#xCAF;&#xCBF;&#xC82;&#xCA6; &#xCB5;&#xCBF;&#xCAB;&#xCB2;&#xCB3;&#xCBE;&#xC97;&#xCC1;&#xCB5;&#xCC1;&#xCA6;&#xCC7; &#xC88; &#xCA8;&#xCBE;&#xC9F;&#xC95;&#xCA6; &#xCB5;&#xCB8;&#xCCD;&#xCA4;&#xCC1;. &#xCB8;&#xCBE;&#xCA7;&#xCCD;&#xCB5;&#xCBF;&#xCAF;&#xCBE;&#xC97;&#xCBF; &#xCAC;&#xCA6;&#xCC1;&#xC95;&#xCC1;&#xCB5;&#xCC1;&#xCA6;&#xCC1; &#xCA6;&#xCC1;&#xCB8;&#xCCD;&#xCB8;&#xCBE;&#xCA7;&#xCCD;&#xCAF;&#xCB5;&#xCBE;&#xCA6;&#xCBE;&#xC97; &#xCB6;&#xCC6;&#xCA8;&#xCCD;&#x200D;&#xCA4;&#xCC6;, &#xCA8;&#xCBF;&#xCB7;&#xCCD;&#xCA0;&#xCC1;&#xCB0; &#xCAE;&#xCA8;&#xCB8;&#xCCD;&#xCB8;&#xCBF;&#xCA8; &#xCB6;&#xCC1;&#xCAF;&#xCBF;&#xCA4;&#xCBE;&#xCA8; &#xCAE;&#xCC1;&#xC96;&#xCB5;&#xCBE;&#xCA1; &#xCA4;&#xCCA;&#xCA1;&#xCC1;&#xCA4;&#xCCD;&#xCA4;&#xCBE;&#xCB3;&#xCC6;. &#xC95;&#xCCD;&#xCB0;&#xCAE;&#xCC7;&#xCA3; &#xC86;&#xC95;&#xCC6;&#xC97;&#xCC6; &#xCB6;&#xCC1;&#xCAF;&#xCBF;&#xCA4;&#xCBE;&#xCA8; &#xCAE;&#xCC1;&#xC96;&#xCB5;&#xCBE;&#xCA1;&#xCB5;&#xCC7; &#xCB9;&#xCC6;&#xC9A;&#xCCD;&#xC9A;&#xCC1; &#xCB9;&#xCC6;&#xC9A;&#xCCD;&#xC9A;&#xCC1; &#xC85;&#xC97;&#xCA4;&#xCCD;&#xCAF;&#xCB5;&#xCBE;&#xC97;&#xCC1;&#xCA4;&#xCCD;&#xCA4; &#xCB9;&#xCCB;&#xC97;&#xCC1;&#xCA4;&#xCCD;&#xCA4;&#xCA6;&#xCC6;. &#xC88; &#xC9C;&#xC97;&#xCA4;&#xCCD;&#xCA4;&#xCBF;&#xCA8;&#xCB2;&#xCCD;&#xCB2;&#xCBF; &#xC92;&#xCB3;&#xCCD;&#xCB3;&#xCC6;&#xCAF;&#xCB5;&#xCB0;&#xCBE;&#xC97;&#xCBF; &#xC89;&#xCB3;&#xCBF;&#xCAF;&#xCC1;&#xCB5;&#xCC1;&#xCA6;&#xCC1; &#xCB9;&#xCC7;&#xC97;&#xCC6;? &#xC8E;&#xC82;&#xCA6;&#xCC1; &#xCAC;&#xCCD;&#xCB0;&#xCC6;&#xC96;&#xCCD;&#xC9F;&#xCCD; &#xCA8;&#xCAE;&#xCCD;&#xCAE;&#xCA8;&#xCCD;&#xCA8;&#xCC7; &#xCAA;&#xCCD;&#xCB0;&#xCB6;&#xCCD;&#xCA8;&#xCBF;&#xCB8;&#xCC1;&#xCA4;&#xCCD;&#xCA4;&#xCBE;&#xCA8;&#xCC6;; &#xCA8;&#xCAE;&#xCCD;&#xCAE;&#xCA8;&#xCCD;&#xCA8;&#xCC1; &#xCAF;&#xCCB;&#xC9A;&#xCBF;&#xCB8;&#xCB2;&#xCC1; &#xCB9;&#xC9A;&#xCCD;&#xC9A;&#xCC1;&#xCA4;&#xCCD;&#xCA4;&#xCBE;&#xCA8;&#xCC6;&#x2026;
&#xC88;&#xC97;&#xCBE;&#xC97;&#xCB2;&#xCC7; &#xCB9;&#xCB2;&#xCB5;&#xCC1; &#xCB0;&#xC82;&#xC97; &#xCAA;&#xCCD;&#xCB0;&#xCAF;&#xCCB;&#xC97;&#xC97;&#xCB3;&#xCB2;&#xCCD;&#xCB2;&#xCBF; &#xCB8;&#xCAE;&#xCB0;&#xCCD;&#xCA5;&#xCB5;&#xCC6;&#xCA8;&#xCBF;&#xCB8;&#xCBF;&#xC95;&#xCCA;&#xC82;&#xCA1;&#xCBF;&#xCB0;&#xCC1;&#xCB5; &#xC85;&#xCA8;&#xCC1;&#xCB5;&#xCBE;&#xCA6; &#xC87;&#xCB2;&#xCCD;&#xCB2;&#xCBF;&#xCA6;&#xCC6;.</subfield>
  </datafield>
  <datafield tag="650" ind1=" " ind2=" ">
    <subfield code="a">The Good Person of Szechwan (German: Der gute Mensch von Sezuan)</subfield>
    <subfield code="9">214089</subfield>
  </datafield>
  <datafield tag="690" ind1=" " ind2=" ">
    <subfield code="a">Kannada Drama</subfield>
    <subfield code="9">214090</subfield>
  </datafield>
  <datafield tag="700" ind1=" " ind2=" ">
    <subfield code="a">K V Subbanna</subfield>
    <subfield code="d"> &#xC95;&#xCC6; &#xCB5;&#xCBF; &#xCB8;&#xCC1;&#xCAC;&#xCCD;&#xCAC;&#xCA3;&#xCCD;&#xCA3; tr</subfield>
    <subfield code="9">214091</subfield>
  </datafield>
  <datafield tag="906" ind1=" " ind2=" ">
    <subfield code="a">040263</subfield>
  </datafield>
  <datafield tag="942" ind1=" " ind2=" ">
    <subfield code="2">ddc</subfield>
    <subfield code="c">BK</subfield>
  </datafield>
  <datafield tag="999" ind1=" " ind2=" ">
    <subfield code="c">90121</subfield>
    <subfield code="d">90121</subfield>
  </datafield>
  <datafield tag="952" ind1=" " ind2=" ">
    <subfield code="0">0</subfield>
    <subfield code="1">0</subfield>
    <subfield code="2">ddc</subfield>
    <subfield code="4">0</subfield>
    <subfield code="7">0</subfield>
    <subfield code="8">KAN</subfield>
    <subfield code="a">AL</subfield>
    <subfield code="b">AL</subfield>
    <subfield code="c">Kannada Literature</subfield>
    <subfield code="d">2021-02-17</subfield>
    <subfield code="g">20.00</subfield>
    <subfield code="l">0</subfield>
    <subfield code="o">K894.2 BRES</subfield>
    <subfield code="p">040263</subfield>
    <subfield code="r">2021-02-17 00:00:00</subfield>
    <subfield code="w">2021-02-17</subfield>
    <subfield code="y">BK</subfield>
  </datafield>
</record>
